000 00382nam a2200145Ia 4500
008 100122s9999 xx 000 0 und d
082 _b43671
_a823.08
100 _aनलगे राजाराम
245 _aईर्षा
260 _bसुरेश वैद्य
_c1989
300 _a126
630 _aईर्षा
730 _aईर्षा
942 _cBOOK
999 _c423687
_d423684